| 000 -ლიდერი |
| ფიქსირებული სიგრძის საკონტროლო ველი |
01974nam a2200337Ia 4500 |
| 001 - საკონტროლო ნომერი |
| საკონტროლო ველი |
14681 |
| 003 - საკონტროლო ნომრის იდენტიფიკატორი |
| საკონტროლო ველი |
GE_BSU |
| 005 - ბოლო ოპერაციის თარიღი და დრო |
| საკონტროლო ველი |
20200115174410.0 |
| 008 - ფიქსირებული სიგრძის მონაცემთა ელემენტები - ზოგადი ინფორმაცია |
| ფიქსირებული სიგრძის საკონტროლო ველი |
181216s2013||||ge |||||||||||||| ||geo|| |
| 020 ## - წიგნის საერთაშორისო სტანდარტული ნომერი |
| International Standard Book Number |
9789941059339 |
| 040 ## - კატალოგიზაციის წყარო |
| Transcribing agency |
GE_BSU |
| 041 ## - ენის კოდი |
| Language code of text/sound track or separate title |
geo |
| 080 ## - უნივერსალური ათობითი კლასიფიკაციის ინდექსი |
| Universal Decimal Classification number |
316(479.22)(092) ნ-63 |
| 245 ## - ცნობა სათაურის შესახებ |
| Title |
ნიკო ნიკოლაძე 170 : |
| Remainder of title |
საერთაშორისო სამეცნ. კონფერენციის შრომათა კრებული / |
| Statement of responsibility, etc |
გურამ თავართქილაძის სასწავლო უნ-ტი ; სარედ. საბჭო: დალი ჩიკვილაძე (მთ. რედ.) [და სხვ.]. |
| 264 ## - წარმოების, გამოცემის, დისტრიბუციის და სხვა ცნობები |
| გამოცემის, წარმოების, დისტრიბუციის... ადგილი |
თბილისი : |
| გამოცემის, წარმოების, დისტრიბუციის... სახელწოდება |
მერიდიანი, |
| გამოცემის, წარმოების, დისტრიბუციის... თარიღი |
2013. |
| 300 ## - ფიზიკური აღწერა |
| Extent |
374 გვ.; |
| Other physical details |
20 სმ. |
| 600 ## - SUBJECT ADDED ENTRY--PERSONAL NAME |
| Personal name |
ნიკოლაძე, ნიკო |
| 9 (RLIN) |
6135 |
| 653 ## - INDEX TERM--UNCONTROLLED |
| Uncontrolled term |
ქართველი საზოგადო მოღვაწეები |
| 653 ## - INDEX TERM--UNCONTROLLED |
| Uncontrolled term |
საზოგადოებრივი მეცნიერებები |
| 653 ## - INDEX TERM--UNCONTROLLED |
| Uncontrolled term |
შრომები |
| 700 ## - ADDED ENTRY--PERSONAL NAME |
| Personal name |
ბაქრაძე, ცირა |
| Relator term |
ავტორი |
| 9 (RLIN) |
6136 |
| 700 ## - ADDED ENTRY--PERSONAL NAME |
| Personal name |
ბიბილეიშვილი, ლია |
| Relator term |
ავტორი |
| 9 (RLIN) |
6137 |
| 700 ## - ADDED ENTRY--PERSONAL NAME |
| Personal name |
გორგოძე, გიზო |
| Relator term |
ავტორი |
| 9 (RLIN) |
6138 |
| 700 ## - ADDED ENTRY--PERSONAL NAME |
| Personal name |
გრიგოლია, ნინო |
| Relator term |
ავტორი |
| 9 (RLIN) |
6139 |
| 700 ## - ADDED ENTRY--PERSONAL NAME |
| Personal name |
დაუშვილი, ალექსანდრე |
| Relator term |
ავტორი |
| 9 (RLIN) |
5482 |
| 700 ## - ADDED ENTRY--PERSONAL NAME |
| Personal name |
ჩიკვილაძე, დალი |
| Relator term |
რედაქტორი |
| 9 (RLIN) |
6140 |
| 700 ## - ADDED ENTRY--PERSONAL NAME |
| Personal name |
მათიაშვილი, გიორგი |
| Relator term |
რედაქტორი |
| 9 (RLIN) |
6141 |
| 700 ## - ADDED ENTRY--PERSONAL NAME |
| Personal name |
დიაკონიძე, ინგა |
| Relator term |
რედაქტორი |
| 9 (RLIN) |
6142 |
| 710 ## - ADDED ENTRY--CORPORATE NAME |
| Corporate name or jurisdiction name as entry element |
გურამ თავართქილაძის სასწავლო უნ-ტი |
| 9 (RLIN) |
6143 |
| 942 ## - ADDED ENTRY ELEMENTS (KOHA) |
| Koha item type |
წიგნი |
| Source of classification or shelving scheme |
|